000 00799nam a2200241 i 4500
001 183088
003 ES-MaACL
005 20230906221805.0
008 140115s1994 mx |||| | spa d
020 _a968-16-4274-0
080 _a159.961.2
080 _a616.89-008.42
100 0 _aLantéri-Laura, G.
_970100
245 1 4 _aLas alucinaciones /
_cG. Lanteri-Laura.
250 _a1º ed. en español.
260 _aMéxico :
_bFondo de Cultura Económica,
_c1994.
300 _a227 p. ;
_c21 cm.
490 1 _aColección de psicología, psiquiatría y psicoanálisis
650 4 _aAlucinaciones e ilusiones.
_9135554
830 0 _aColección de psicología, psiquiatría y psicoanálisis
_9191868
852 _aES-MaACL
_jL-29910
_z.- Donat. Miguel A. Velasco
999 _c183088
_d183088